000 00726nam a2200241Ia 4500
003 OSt
005 20221005112024.0
006 a|||||r|||| 00| 0
007 ta
008 221004b |||||||| |||| 00| 0 san d
024 _a114458
037 _cTextual
040 _aCRL
_cCRL
_bsan
041 _2san
_asan
082 _aR66x1,21, 15M2
100 _aनन्दगीरि
245 0 _aशतश्लोकी
246 _aShatashlokī
260 _aवाराणसी
_bमहेश अनुसन्धान संस्थानम् भारत
_c1982
300 _a60पृ0
_ccm.
942 _hR66x1,21, 15M2
_cTEXL
_2cc
999 _c1023589
_d1023589